Better Than Revenge - Taylor Swift Lyrics - Statistics

General Stats
  • This quiz has been taken 4,072 times
  • The average score is 387 of 494
Answer Stats
Answer % Correct
a
99%
i
99%
the
99%
an
98%
and
97%
you
97%
no
96%
she
96%
than
95%
go
94%
think
94%
what
94%
in
93%
it
93%
to
93%
better
92%
ha
91%
revenge
91%
when
91%
who
91%
not
90%
on
90%
there
90%
was
90%
do
89%
him
89%
she's
89%
for
88%
know
88%
where
88%
actress
87%
did
86%
had
86%
say
86%
all
85%
faster
85%
hear
85%
mattress
85%
summer
85%
that
85%
thing
85%
saint
84%
took
84%
wanted
84%
does
83%
hot
83%
right
83%
sabotage
83%
so
83%
story
83%
things
83%
is
81%
known
81%
starts
81%
stealing
81%
about
80%
came
80%
like
80%
me
80%
nothing
80%
along
79%
applause
79%
can
79%
corner
78%
people
78%
now
77%
playground
77%
just
76%
other
76%
toys
76%
with
76%
friends
75%
should
75%
make
74%
stand
74%
won't
74%
keep
73%
mind
73%
people's
73%
let's
72%
never
72%
from
71%
got
71%
many
70%
saw
70%
coming
69%
find
69%
gonna
69%
would
69%
have
68%
alone
67%
dealing
67%
her
67%
soon
67%
underestimated
67%
at
66%
i'm
66%
little
66%
drum
65%
it's
65%
oh
64%
beating
63%
but
63%
over
62%
cause
61%
pain
61%
list
58%
looks
58%
party
58%
suspected
58%
trend
58%
woah
56%
get
54%
life
54%
name
54%
ever
53%
thinks
52%
rhyme
50%
troubling
49%
wear
49%
your
49%
of
48%
or
48%
time
48%
psycho
47%
dresses
46%
vintage
46%
frown
45%
dignity
44%
isn't
44%
present
44%
wanna
44%
amount
43%
down
43%
school
43%
they
43%
up
43%
prep
42%
didn't
41%
gives
41%
pushing
41%
teach
41%
don't
40%
sophistication
40%
honey
37%
eyes
36%
roll
36%
another
35%
might
35%
you're
34%
feel
32%
last
32%
still
32%
always
31%
haven't
31%
doing
30%
heard
30%
nor
30%
i'll
29%
much
29%
how
28%
word
28%
are
27%
show
20%
some
16%
deserve
13%
see
13%
No matching quizzes found
Score Distribution
Percent of People with Each Score
Percentile by Number Answered
Your Score History
You have not taken this quiz